El mundo del Nuevo Testamento / (Record no. 17510)

MARC details
000 -LEADER
campo de control de longitud fija 00788nam a2200241 i 4500
001 - NÚMERO DE CONTROL
campo de control 17510
003 - IDENTIFICADOR DE NÚMERO DE CONTROL
campo de control ES-MaACL
005 - FECHA Y HORA DE LA ÚLTIMA TRANSACCIÓN
campo de control 20230906151614.0
007 - CAMPO FIJO DE DESCRIPCIÓN FÍSICA--INFORMACIÓN GENERAL
campo de control de longitud fija t|
008 - DATOS DE LONGITUD FIJA--INFORMACIÓN GENERAL
campo de control de longitud fija 010322s1973 sp ||||1| spa d
020 ## - NÚMERO INTERNACIONAL ESTÁNDAR DEL LIBRO
Número Internacional Estándar del Libro 84-7057-137-0
080 ## - NÚMERO DE LA CLASIFICACIÓN DECIMAL UNIVERSAL
Número de la Clasificación Decimal Universal 930.9-"00/+00"
080 ## - NÚMERO DE LA CLASIFICACIÓN DECIMAL UNIVERSAL
Número de la Clasificación Decimal Universal 9(=924)"00/+00"
080 ## - NÚMERO DE LA CLASIFICACIÓN DECIMAL UNIVERSAL
Número de la Clasificación Decimal Universal 225.01
245 03 - MENCIÓN DEL TÍTULO
Título El mundo del Nuevo Testamento /
Mención de responsabilidad, etc. dirigido por Johannes Leipoldt y Walter Grundmann.
260 ## - PUBLICACIÓN, DISTRIBUCIÓN, ETC.
Lugar de publicación, distribución, etc. Madrid :
Nombre del editor, distribuidor, etc. Cristiandad,
Fecha de publicación, distribución, etc. 1973.
300 ## - DESCRIPCIÓN FÍSICA
Extensión 3 v. :
Otras características físicas il. ;
Dimensiones 23 cm.
505 8# - NOTA DE CONTENIDO CON FORMATO
Nota de contenido con formato Contiene: 1. Estudio histórico-cultural -- 2. Textos y documentos -- 3. Ilustraciones
650 #4 - PUNTO DE ACCESO ADICIONAL DE MATERIA--TÉRMINO DE MATERIA
Término de materia o nombre geográfico como elemento de entrada Judíos-
Subdivisión general Historia-
Subdivisión cronológica Hasta 70 d.C.
9 (RLIN) 13997
700 1# - ENTRADA AGREGADA--NOMBRE PERSONAL
Nombre de persona Leipoldt, Johannes.
9 (RLIN) 71385
700 1# - ENTRADA AGREGADA--NOMBRE PERSONAL
Nombre de persona Grundmann, Walter.
9 (RLIN) 60247
852 ## - LOCALIZACIÓN
Ubicación ES-MaACL
Número de control de estantería G-1765-67
Sublocalización o colección R.88909
Holdings
Estatus retirado Estado de pérdida Estado de daño No para préstamo Biblioteca de origen Biblioteca actual Ubicación en estantería Fecha de adquisición Fuente de adquisición Total de préstamos Signatura topográfica completa Código de barras Visto por última vez Precio de reemplazo Tipo de ítem Koha
        Biblioteca del Ateneo de Madrid Biblioteca del Ateneo de Madrid Depósito 2 17/01/2008     G-1765-67 1017864 23/02/2023 23/02/2023 Libro impreso